Facts and info '81
Guardado en:
| Formato: | Libro |
|---|---|
| Lenguaje: | Undetermined |
| Publicado: |
Tokyo
Automotive Herald
1981
|
| Materias: | |
| Etiquetas: |
Agregar Etiqueta
Sin Etiquetas, Sea el primero en etiquetar este registro!
|
| Thư viện lưu trữ: | Trung tâm Học liệu Trường Đại học Cần Thơ |
|---|
| LEADER | 00406nam a2200157Ia 4500 | ||
|---|---|---|---|
| 001 | CTU_99193 | ||
| 008 | 210402s9999 xx 000 0 und d | ||
| 082 | |a 629.22 | ||
| 082 | |b F142 | ||
| 245 | 0 | |a Facts and info '81 | |
| 260 | |a Tokyo | ||
| 260 | |b Automotive Herald | ||
| 260 | |c 1981 | ||
| 650 | |a Automobile industry | ||
| 904 | |i Truc, Q. Hieu | ||
| 980 | |a Trung tâm Học liệu Trường Đại học Cần Thơ | ||